Antología del pensamiento de la lengua española en la edad contemporánea
Gespeichert in:
| Format: | Buch |
|---|---|
| Sprache: | Undetermined |
| Veröffentlicht: |
México, Distrito Federal
Séneca
[s.f.]
|
| Schlagworte: | |
| Tags: |
Tag hinzufügen
Keine Tags, Fügen Sie den ersten Tag hinzu!
|
MARC
| LEADER | 00000nam a2200000Ia 4500 | ||
|---|---|---|---|
| 008 | 170316s9999 xx 000 0 und d | ||
| 040 | |a cru BVZT | ||
| 090 | |a A-862 A-5a | ||
| 245 | |a Antología del pensamiento de la lengua española en la edad contemporánea | ||
| 260 | |a México, Distrito Federal | ||
| 260 | |b Séneca | ||
| 260 | |c [s.f.] | ||
| 300 | |a 1408 páginas | ||
| 650 | |a LITERATURA ESPAÑOLA | ||
| 650 | |a ANTOLOGÍA | ||
| 942 | |c 15 D | ||
| 999 | |c 12561 |d 12561 | ||
